Loading...

Hindi Viswakosh (v.2)

Bibliographic Details
Main Author: Mahendra Kumar Misra
Format: Printed Book
Published: Jaypur Arihanth Publishing House 2012
Subjects:
LEADER 00596nam a22001817a 4500
020 |a 81-7230-194-4 
082 |a R H 491.433  |b MAH/H.2 
100 |a Mahendra Kumar Misra 
245 |a Hindi Viswakosh (v.2) 
260 |a Jaypur  |b Arihanth Publishing House  |c 2012 
300 |a 443-884p. 
650 |a Hindi Grammatical Dictionary 
650 |a Hindi Dictionary 
650 |a Language Hindi  
650 |a Language 
942 |c REF 
999 |c 52446  |d 52446 
952 |0 0  |1 0  |4 0  |6 R_H_491_433000000000000_MAH_H_2  |7 0  |9 76169  |a SSUS  |b SSUS  |c REF  |d 2015-04-16  |g 995.00  |o R H 491.433 MAH/H.2  |p 074903  |r 2015-04-16  |w 2015-04-16  |y REF